المرافق العامة في منطقة شرقي الأردن : الينابيع و الآبار و البرك و الطواحين و المعاصر / (رقم التسجيلة. 118256)

تفاصيل مارك
000 -LEADER
fixed length control field 00921naa a22002297a 4500
005 - DATE AND TIME OF LATEST TRANSACTION
control field 20251108174808.0
008 - FIXED-LENGTH DATA ELEMENTS--GENERAL INFORMATION
fixed length control field 250721s1993 xx 000 0 ara d
082 14 - DEWEY DECIMAL CLASSIFICATION NUMBER
Classification number 30/مبد
100 1# - MAIN ENTRY--PERSONAL NAME
Personal name البخيت، محمد عدنان
Relator term مؤلف
245 10 - TITLE STATEMENT
Title المرافق العامة في منطقة شرقي الأردن : الينابيع و الآبار و البرك و الطواحين و المعاصر /
264 ## - PRODUCTION, PUBLICATION, DISTRIBUTION, MANUFACTURE, AND COPYRIGHT NOTICE
Date of production, publication, distribution, manufacture, or copyright notice 1993.
500 ## - GENERAL NOTE
General note يتضمن مستخلص بالإنجليزية
650 17 - SUBJECT ADDED ENTRY--TOPICAL TERM
Topical term or geographic name as entry element المرافق
650 17 - SUBJECT ADDED ENTRY--TOPICAL TERM
Topical term or geographic name as entry element ينابيع المياه
650 17 - SUBJECT ADDED ENTRY--TOPICAL TERM
Topical term or geographic name as entry element أسماء الأماكن
650 17 - SUBJECT ADDED ENTRY--TOPICAL TERM
Topical term or geographic name as entry element التاريخ
650 17 - SUBJECT ADDED ENTRY--TOPICAL TERM
Topical term or geographic name as entry element الإمبراطورية العثمانية 1922 - 1402
650 17 - SUBJECT ADDED ENTRY--TOPICAL TERM
Topical term or geographic name as entry element الأردن
773 0# - HOST ITEM ENTRY
Main entry heading مؤته للبحوث و الدراسات :سلسلة العلوم الإنسانية و الإجتماعية
Related parts مج.8 ، ع.1
942 ## - ADDED ENTRY ELEMENTS (KOHA)
Source of classification or shelving scheme Dewey Decimal Classification
Koha item type مقالات
المقتنيات
حالة السحب حالة الفقدان مصدر التصنيف حالة التلف غير قابل للإعارة المكتبة الرئيسية المكتبة الحالية موقع الرف تاريخ التزويد الرقم المتسلسل Total Checkouts رقم الإستدعاء الباركود تاريخ آخر ظهور تاريخ الفاتورة نوع المادة (كوها)
    Dewey Decimal Classification     مكتبة حمزة العامة مكتبة حمزة العامة الإعارة 16/02/2016 (5149)   30/مبد PLD00374320 28/07/2025 16/02/2016 مقالات
Implemented & Customized by: BBB with SCIT (Smart Chains for Information Technology)

Powered by Koha